Zvyšovanie konkurencieschopnosti podniku aktívnym riadením spolupráce

Spôsoby riadenia spolupráce v podnikoch a v celom dodávateľskom reťazci a tiež pôsobenie spolupráce na zvýšenie konkurencieschopnosti podniku. Možnosti riadenie spolupráce a vykonávanie hodnotenia procesov.

Gespeichert in:
Bibliographische Detailangaben
1. Verfasser: Kelemenová, Zuzana
Weitere Verfasser: Cibulka, Viliam
Format: Buchkapitel
Sprache:Slowakisch
Schlagworte:
Tags: Tag hinzufügen
Keine Tags, Fügen Sie das erste Tag hinzu!

MARC

LEADER 00000naa a2200000 4500
001 0149193
005 20231013084905.1
041 0 |a slo 
044 |a SK 
245 1 0 |a Zvyšovanie konkurencieschopnosti podniku aktívnym riadením spolupráce  |c Zuzana Kelemenová, Viliam Cibulka 
520 |a Spôsoby riadenia spolupráce v podnikoch a v celom dodávateľskom reťazci a tiež pôsobenie spolupráce na zvýšenie konkurencieschopnosti podniku. Možnosti riadenie spolupráce a vykonávanie hodnotenia procesov. 
610 2 0 |a riadenie podnikové 
610 2 0 |a procesy podnikové 
610 2 0 |a vzťahy dodávateľsko-odberateľské 
610 2 0 |a spolupráca podnikov 
610 2 0 |a konkurencieschopnosť 
100 1 |a Kelemenová, Zuzana 
700 1 |a Cibulka, Viliam